| 000 | 00507nam a2200181Ia 4500 | ||
|---|---|---|---|
| 999 |
_c13554 _d13554 |
||
| 003 | OSt | ||
| 005 | 20201020133117.0 | ||
| 008 | 190216s9999||||xx |||||||||||||| ||und|| | ||
| 020 | _a5050024501 | ||
| 040 | _coclc | ||
| 082 |
_a891.73 _bTUR/H |
||
| 100 |
_aTurgenev, Ivan _95741 |
||
| 245 | 2 |
_aA Hunter's Sketches / _cIvan Turgenev |
|
| 260 |
_bRaduga Publishers , _c1968. _aMoscow: |
||
| 300 | _a349p | ||
| 650 | _aEnglish Novel | ||
| 942 |
_cBK _2ddc _h891.73 _iTUR/H _k831.73 _mTUR/H |
||